Métodos numéricos aplicados con software

Gorde:
Xehetasun bibliografikoak
Egile nagusia: Nakamura, Shoichiro (autor)
Formatua: Liburua
Hizkuntza:gaztelania
Argitaratua: Ciudad de México Prentice-Hall 1992
Gaiak:
Etiketak: Etiketa erantsi
Etiketarik gabe, Izan zaitez lehena erregistro honi etiketa jartzen!

MARC

LEADER 00000nam a2200000 a 4500
001 UCV7070
003 CL-VaPUC
008 921014e19920000MX |||||||||||||||||spa|d
082 0 4 |a 519.4  |b NAK  |2 21 
100 |a Nakamura, Shoichiro  |e autor  |9 422687 
245 1 0 |a Métodos numéricos aplicados con software 
300 |a 570 p 
942 |c BK 
945 |d 19921014 00:00:00  |a mfernand 
260 |a Ciudad de México  |b Prentice-Hall  |c 1992 
650 0 |a Análisis numérico   |9 259387 
650 0 |a Proceso de datos   |9 259776 
650 0 |a Análisis numérico   |9 259387 
583 |a last modification  |c 20160104 00:44:24  |k Rodrigo Vera 
999 |c 212816  |d 212814 
952 |0 0  |1 0  |4 0  |6 519_400000000000000_NAK_1992  |7 0  |8 A  |9 194464  |a BIBING  |b BIBING  |d 2019-11-14  |i 2626470  |o 519.4 NAK 1992  |p 2626470  |r 2025-01-20  |w 2019-11-14  |y BK  |k EIQ 
952 |0 0  |1 0  |4 0  |6 519_400000000000000_NAK_1992  |7 0  |8 A  |9 194466  |a BIBING  |b BIBING  |d 2019-11-14  |i 3224627  |o 519.4 NAK 1992  |p 3224627  |r 2025-01-20  |w 2019-11-14  |y BK  |k EIQ 
952 |0 0  |1 0  |4 0  |6 519_400000000000000_NAK_1992  |7 0  |8 A  |9 194467  |a BIBGIM  |b BIBGIM  |d 2019-11-14  |i 3422186  |l 3  |o 519.4 NAK 1992  |p 3422186  |r 2025-01-15  |s 2024-08-06  |w 2019-11-14  |y BK  |k EST 
952 |0 0  |1 0  |4 0  |6 519_400000000000000_NAK_1992  |7 0  |8 A  |9 194468  |a BIBING  |b BIBING  |d 2019-11-14  |i 3590801  |o 519.4 NAK 1992  |p 3590801  |r 2025-01-20  |w 2019-11-14  |y BK  |k EIQ